000 00590nam a2200229Ia 4500
003 OSt
005 20221005130113.0
006 a|||||r|||| 00| 0
007 ta
008 221004b |||||||| |||| 00| 0 ben d
024 _a109505
037 _cTextual
040 _aCRL
_cCRL
_bben
041 _2ben
_aben
082 _aO157,3M61x, P7
100 _aRabindranath Thakur
_9637602
245 0 _aRabindranath ekguchh galpa
260 _c2007
650 _aBENGALI LITERATURE
942 _hO157,3M61x, P7
_cTEXL
_2cc
999 _c1056110
_d1056110